[Event "Quilpue June op"]
[Site "Quilpue"]
[Date "2018.06.02"]
[Round "3.1"]
[White "Manzano Valverde, Jorge"]
[Black "Orrego Ahumada, Herman"]
[Result "1-0"]
[WhiteElo "1677"]
[BlackElo "1683"]
[PlyCount "85"]
[EventDate "2018.06.02"]
[EventType "swiss"]
[EventRounds "5"]
[EventCountry "CHI"]
[SourceTitle "EXT 2024"]
[Source "ChessBase"]
[SourceDate "2023.10.10"]
[SourceVersion "1"]
[SourceVersionDate "2023.10.10"]
[SourceQuality "1"]

1. e4 e5 2. Nf3 Nf6 3. Nxe5 d6 4. Nf3 Nxe4 5. Nc3 Nxc3 6. dxc3 Bg4 7. Be3 Nc6 8. h3 Bh5 9. Be2 Be7 10. Qd2 a6 11. 0-0-0 Qd7 12. Kb1 f5 13. Nd4 Bxe2 14. Qxe2 0-0-0 15. Rhe1 Bf6 16. Qf3 g6 17. Nxc6 Qxc6 18. Qxc6 bxc6 19. Bd4 Bxd4 20. cxd4 Rhe8 21. Kc1 Kd7 22. Kd2 d5 23. Rxe8 Rxe8 24. Re1 Rxe1 25. Kxe1 Kd6 26. b4 f4 27. Ke2 Ke6 28. Kf3 Kf5 29. h4 h6 30. g3 fxg3 31. fxg3 h5 32. a4 g5 33. c3 gxh4 34. gxh4 Kg6 35. Kf4 Kf6 36. a5 Kg6 37. Ke5 Kf7 38. Kf5 Kg7 39. Kg5 Kh7 40. Kxh5 Kg7 41. Kg5 Kh7 42. Kf6 Kh6 43. Ke7 1-0